000
00229nam a2200121Ia 4500
100
_a
#N/A
650
_a
Computer/ IT
942
_c
BK
654
_a
digit sept 2009
245
_a
digit DVD1
260
_b
#N/A
546
_a
ENGLISH
999
_c
31292
_d
31292